|
|
|
|
| LEADER |
00000nab a2200000 a 4500 |
| 001 |
vtls000707407 |
| 003 |
SK-MaSNL |
| 005 |
20260304105422.0 |
| 008 |
250429c1999 xo 0 slo |
| 015 |
|
|
|a SNBRB1999/10-26630
|
| 035 |
|
|
|a CLN000059574
|
| 035 |
|
|
|a urn:nbn:sk:snk-abeqlo
|
| 035 |
|
|
|a (urnnbn)urn:nbn:sk:snk:ar-0070am
|
| 035 |
|
|
|a (uuid)cea63dd2-2b2c-43c1-82fe-4b1a05121b94
|
| 040 |
|
|
|a SNKBUCL
|b slo
|c SNKBUCL
|e AACR2
|
| 041 |
0 |
|
|a slo
|
| 044 |
|
|
|a xo
|c SK
|
| 080 |
|
|
|a 378.4(437.6):619
|2 1997
|
| 100 |
1 |
|
|a Géci, Stanislav
|4 aut
|9 541661
|
| 245 |
1 |
0 |
|a Veterinárska Alma Mater päťdesiatročná
|b vychovala vyše päťtisíc odborníkov
|c Stanislav Géci
|
| 300 |
|
|
|b Fotogr.
|
| 610 |
2 |
7 |
|a Univerzita veterinárskeho lekárstva v Košiciach
|2 snkbucl
|9 30750
|
| 651 |
|
7 |
|a Košice (Slovensko)
|2 snkbucl
|9 18694
|
| 655 |
|
7 |
|a články z novín a časopisov
|2 snkbucl
|9 267496
|
| 773 |
0 |
|
|t Poľovníctvo a rybárstvo
|g Roč. 51, č. 9 (1999), s. 16
|x 0231-8768
|
| 850 |
|
|
|a Slovenská národná knižnica
|
| 852 |
|
|
|a Slovenská národná knižnica
|
| 958 |
|
|
|a article27
|
| 958 |
|
|
|a OND
|
| 992 |
|
|
|a RBX
|
| 999 |
|
|
|c 2855571
|d 2857501
|